Fundamentals of risk and insurance
Gespeichert in:
| 1. Verfasser: | |
|---|---|
| Weitere Verfasser: | |
| Format: | Buch |
| Sprache: | Englisch |
| Veröffentlicht: |
New York
John Wiley & Sons
1999
|
| Ausgabe: | 8. ed. |
| Schlagworte: | |
| Tags: |
Keine Tags, Fügen Sie das erste Tag hinzu!
|
MARC
| LEADER | 00000nam a2200000 4500 | ||
|---|---|---|---|
| 001 | c142048 | ||
| 005 | 20221108123748.0 | ||
| 020 | |a 0-471-29988-X | ||
| 041 | 0 | |a eng | |
| 044 | |a US | ||
| 245 | 1 | 0 | |a Fundamentals of risk and insurance |c Emmett J. Vaughan, Therese M. Vaughan |
| 250 | |a 8. ed. | ||
| 264 | 1 | |a New York |b John Wiley & Sons |c 1999 | |
| 300 | |a 704 s. | ||
| 610 | 2 | 0 | |a riziko |
| 610 | 2 | 0 | |a poistenie |
| 610 | 2 | 0 | |a manažment |
| 610 | 2 | 0 | |a poistenie sociálne |
| 610 | 2 | 0 | |a poistenie súkromné |
| 610 | 2 | 0 | |a poistenie zdravotné |
| 610 | 2 | 0 | |a poistenie životné |
| 610 | 2 | 0 | |a dôchodky |
| 610 | 2 | 0 | |a poistenie majetku |
| 100 | 1 | |a Vaughan, Emmett J. | |
| 700 | 1 | |a Vaughan, Therese M. | |